Introducción a la programación neurolingüística (PNL) (Record no. 183540)

MARC details
000 -LEADER
campo de control de longitud fija 01081nam a2200289 i 4500
001 - NÚMERO DE CONTROL
campo de control 183540
003 - IDENTIFICADOR DE NÚMERO DE CONTROL
campo de control ES-MaACL
005 - FECHA Y HORA DE LA ÚLTIMA TRANSACCIÓN
campo de control 20231105152423.0
008 - DATOS DE LONGITUD FIJA--INFORMACIÓN GENERAL
campo de control de longitud fija 140716s2000 sp | |||| ||spa d
020 ## - NÚMERO INTERNACIONAL ESTÁNDAR DEL LIBRO
Número Internacional Estándar del Libro 84-493-0835-6
080 ## - NÚMERO DE LA CLASIFICACIÓN DECIMAL UNIVERSAL
Número de la Clasificación Decimal Universal 159.928.23
100 1# - ENTRADA PRINCIPAL--NOMBRE DE PERSONA
Nombre de persona Stahl, Thies.
9 (RLIN) 154985
245 10 - MENCIÓN DEL TÍTULO
Título Introducción a la programación neurolingüística (PNL)
Resto del título : para qué sirve, cómo funciona y quién puede beneficiarse de ella /
Mención de responsabilidad, etc. Thies Stahl ; [traducción de Héctor Piquer Minguijón].
260 ## - PUBLICACIÓN, DISTRIBUCIÓN, ETC.
Lugar de publicación, distribución, etc. Barcelona :
Nombre del editor, distribuidor, etc. Paidós Ibérica,
Fecha de publicación, distribución, etc. [2000]
300 ## - DESCRIPCIÓN FÍSICA
Extensión 140 p. ;
Dimensiones 21 cm.
490 1# - MENCIÓN DE SERIE
Mención de serie Paidós saberes cotidianos ;
Designación de volumen o secuencia 22
504 ## - NOTA DE BIBLIOGRAFÍA, ETC.
Nota de bibliografía, etc. Bibliografía: p. [139]-140.
650 07 - PUNTO DE ACCESO ADICIONAL DE MATERIA--TÉRMINO DE MATERIA
Término de materia o nombre geográfico como elemento de entrada Programación neurolingüística.
9 (RLIN) 154986
650 04 - PUNTO DE ACCESO ADICIONAL DE MATERIA--TÉRMINO DE MATERIA
Término de materia o nombre geográfico como elemento de entrada Terapia de conducta.
9 (RLIN) 154989
700 1# - ENTRADA AGREGADA--NOMBRE PERSONAL
Nombre de persona Piquer Minguijón, Héctor.
9 (RLIN) 154987
830 0# - PUNTO DE ACCESO ADICIONAL DE SERIE-TÍTULO UNIFORME
Título uniforme Paidós saberes cotidianos ;
Designación de volumen o secuencia 22
9 (RLIN) 192008
852 ## - LOCALIZACIÓN
Ubicación ES-MaACL
Número de control de estantería A-13152
itemnumber 190481
Sublocalización o colección R.149878
Ubicación en estantería Depósito 1
Signatura antigua Olim:N-6152
942 ## - ELEMENTOS DE ENTRADA SECUNDARIOS (KOHA)
Fuente del sistema de clasificación o colocación Clasificación decimal universal
Tipo de ítem Koha Libro impreso
Holdings
Estatus retirado Estado de pérdida Fuente del sistema de clasificación o colocación Estado de daño No para préstamo Biblioteca de origen Biblioteca actual Ubicación en estantería Fecha de adquisición Fuente de adquisición Total de préstamos Signatura topográfica completa Código de barras Visto por última vez Precio de reemplazo Tipo de ítem Koha
    Clasificación decimal universal     Biblioteca del Ateneo de Madrid Biblioteca del Ateneo de Madrid Depósito 1 16/07/2014 Donación   A-13152 1192918 23/02/2023 23/02/2023 Libro impreso